| 000 | 00503nam a22001697a 4500 | ||
|---|---|---|---|
| 003 | BD-ChCU | ||
| 005 | 20260105131627.0 | ||
| 008 | 260105b bg ||||| |||| 00| 0 ben d | ||
| 040 | _cBD-ChCU | ||
| 082 | _aREF 423.6 STU | ||
| 100 |
_aAsho Tosh Dev. _918631 |
||
| 245 |
_aStudent's favourite dictionary : _bBengal to english ./ _cTosh dev, Asho |
||
| 260 |
_aCalcutta: _bDev sahitya kutir ltd. _cC 1986 |
||
| 300 | _a1386p | ||
| 650 | 0 |
_aBengali Literature - Dictionaries. _918634 |
|
| 942 |
_2ddc _cBK _n0 |
||
| 999 |
_c110715 _d110715 |
||